Estadísticas para Provincias y comarcas indígenas de Panamá

Haz click aquí para intentar la prueba.

Estadísticas generales

  • Esta prueba ha sido intentada 41 veces
  • La puntuación promedio es 9 de 16

Respuestas en el mapa

Las respuestas están codificadas por una escala verde-roja en el mapa de la prueba según el % correcto abajo.
 

Estadísticas de respuestas

Respuesta% Correcto
ProvinciaPanamá
96%
ProvinciaColón
72%
ProvinciaDarién
72%
ProvinciaChiriquí
68%
ProvinciaCoclé
64%
ProvinciaPanamá Oeste
64%
ProvinciaBocas del Toro
60%
ProvinciaLos Santos
60%
ProvinciaVeraguas
60%
Comarca indígenaGuna Yala
56%
ProvinciaHerrera
52%
Comarca indígenaEmberá-Wounaan
48%
Comarca indígenaWargandí
44%
Comarca indígenaNgäbe-Buglé
40%
Comarca indígenaMadugandí
36%
Comarca indígenaNaso Tjër Di
32%

Distribución de puntuación

Porcentaje por número respondido

Porcentaje de gente con cada puntuación

Historial de tus puntuaciones

No has intentado esta prueba.